[Event "Verden op-B"]
[Site "Verden"]
[Date "2023.01.06"]
[Round "3"]
[White "Rudi, Jonathan"]
[Black "Gaertner, Alessandro"]
[Result "0-1"]
[WhiteElo "1745"]
[BlackElo "1414"]
[PlyCount "96"]
[EventDate "2023.01.05"]
[EventType "swiss"]
[EventRounds "7"]
[EventCountry "GER"]
[SourceTitle "CBM 212 Extra"]
[Source "ChessBase"]
[SourceDate "2023.03.31"]
[SourceVersion "1"]
[SourceVersionDate "2023.03.31"]
[SourceQuality "1"]

1. d4 d5 2. Nc3 Nf6 3. Bf4 c5 4. e3 cxd4 5. exd4 a6 6. Nf3 Nc6 7. h3 e6 8. a3 Bd6 9. Bxd6 Qxd6 10. Bd3 0-0 11. 0-0 Re8 12. Re1 Qf4 13. Ne2 Qd6 14. Ng3 b5 15. c3 Bd7 16. Ne5 Rad8 17. Re3 Qf8 18. Qf3 h6 19. Rae1 Re7 20. Nh5 Nxh5 21. Qxh5 Nxe5 22. dxe5 Be8 23. Qg4 Red7 24. Qd4 Rc8 25. Qb6 Ra8 26. Rd1 Qe7 27. f4 Qd8 28. Qd4 Rc8 29. f5 Rc4 30. Bxc4 dxc4 31. fxe6 fxe6 32. Qxd7 Bxd7 33. Rd6 Qe8 34. Re2 Bc6 35. Rd4 Qg6 36. Rf4 Qg3 37. Rd4 Bd5 38. Rdd2 Kh7 39. Rxd5 exd5 40. e6 Qd3 41. Kf1 Kg6 42. e7 Qxe2+ 43. Kxe2 Kf7 44. Ke3 Kxe7 45. g3 Ke6 46. Kf4 Kf6 47. h4 h5 48. g4 g6 0-1

[Event "Oberliga Nord W 2122"]
[Site "Germany"]
[Date "2022.04.03"]
[Round "8.8"]
[White "Rudi, Jonathan"]
[Black "Koschetzki, Christian"]
[Result "1/2-1/2"]
[WhiteElo "1757"]
[BlackElo "1953"]
[PlyCount "46"]
[EventDate "2021.10.10"]
[EventType "team-tourn"]
[EventRounds "9"]
[EventCountry "GER"]
[SourceTitle "EXT 2023"]
[Source "ChessBase"]
[SourceDate "2022.10.05"]
[SourceVersion "1"]
[SourceVersionDate "2022.10.05"]
[SourceQuality "1"]
[WhiteTeam "Nordhorn Blanke"]
[BlackTeam "Salzgitter"]
[WhiteTeamCountry "GER"]
[BlackTeamCountry "GER"]

1. d4 Nf6 2. Nc3 d5 3. Bf4 c5 4. e3 Nc6 5. Nb5 e5 6. dxe5 a6 7. exf6 axb5 8. Nf3 Qxf6 9. Qc1 b4 10. Bb5 Bd6 11. Bxd6 Qxd6 12. 0-0 0-0 13. Bxc6 bxc6 14. c4 Bg4 15. Nd2 Be2 16. Re1 Bxc4 17. Nxc4 dxc4 18. Qxc4 Qd5 19. Qb3 g6 20. Kf1 Qe5 21. Kg1 Qd5 22. Kf1 Rfd8 23. Rad1 Qe5 1/2-1/2

[Event "Niedersachsen-ch op-B"]
[Site "Verden an der Aller"]
[Date "2020.01.03"]
[Round "3"]
[White "Rudi, Jonathan"]
[Black "Roehrkasten, Reinhard"]
[Result "1/2-1/2"]
[WhiteElo "1703"]
[BlackElo "1903"]
[PlyCount "66"]
[EventDate "2020.01.02"]
[EventType "swiss"]
[EventRounds "7"]
[EventCountry "GER"]
[SourceTitle "EXT 2023"]
[Source "ChessBase"]
[SourceDate "2022.10.05"]
[SourceVersion "1"]
[SourceVersionDate "2022.10.05"]
[SourceQuality "1"]

1. d4 Nf6 2. Nc3 d5 3. Bf4 c6 4. Nf3 Bf5 5. e3 e6 6. Ne2 c5 7. Ng3 Qa5+ 8. c3 Bg6 9. Be2 cxd4 10. exd4 Nc6 11. 0-0 Be7 12. Ne5 Nxe5 13. Bxe5 0-0 14. a4 Qb6 15. b4 Rfc8 16. Qb3 Nd7 17. Bf4 Bd6 18. a5 Qc7 19. Bxd6 Qxd6 20. a6 b6 21. Bb5 Rc7 22. Rac1 Rac8 23. Rfd1 Nf6 24. f3 Qf4 25. Nf1 h5 26. Re1 h4 27. h3 Bf5 28. Qb2 Qg5 29. Kh1 Nh5 30. Red1 Ng3+ 31. Nxg3 Qxg3 32. Bf1 Qf4 33. Re1 Qg5 1/2-1/2

[Event "Niedersachsen-ch op B"]
[Site "Verden"]
[Date "2019.01.04"]
[Round "4"]
[White "Rudi, Jonathan"]
[Black "Von Knobloch, Tizian"]
[Result "1/2-1/2"]
[WhiteElo "1653"]
[BlackElo "1418"]
[PlyCount "38"]
[EventDate "2019.01.03"]
[EventType "swiss"]
[EventRounds "7"]
[EventCountry "GER"]
[SourceTitle "EXT 2022"]
[Source "ChessBase"]
[SourceDate "2021.10.06"]
[SourceVersion "1"]
[SourceVersionDate "2021.10.06"]
[SourceQuality "1"]

1. e4 e5 2. Nf3 d6 3. Bc4 Be7 4. Nc3 Nf6 5. d4 Nbd7 6. h3 0-0 7. Be3 b6 8. Qd2 exd4 9. Nxd4 Bb7 10. Bd3 Nc5 11. f3 Nxd3+ 12. Qxd3 d5 13. exd5 Nxd5 14. Nxd5 Bxd5 15. 0-0-0 Bf6 16. Kb1 c5 17. Nb3 Be6 18. Qxd8 Raxd8 19. Bf4 Rfe8 1/2-1/2

[Event "Niedersachsen-ch op B"]
[Site "Verden"]
[Date "2019.01.03"]
[Round "1"]
[White "Meschke, Oliver"]
[Black "Rudi, Jonathan"]
[Result "1-0"]
[WhiteElo "1861"]
[BlackElo "1653"]
[PlyCount "69"]
[EventDate "2019.01.03"]
[EventType "swiss"]
[EventRounds "7"]
[EventCountry "GER"]
[SourceTitle "EXT 2022"]
[Source "ChessBase"]
[SourceDate "2021.10.06"]
[SourceVersion "1"]
[SourceVersionDate "2021.10.06"]
[SourceQuality "1"]

1. f4 d5 2. Nf3 e6 3. b3 Bd6 4. e3 Nf6 5. Bb2 Qe7 6. Nc3 Bd7 7. Be2 0-0 8. 0-0 a6 9. d4 c5 10. Ne5 Nc6 11. Na4 cxd4 12. exd4 b5 13. Nb6 Rac8 14. Nxc8 Rxc8 15. a4 Rb8 16. axb5 axb5 17. c3 b4 18. c4 Qe8 19. c5 Bc7 20. Qc2 Qc8 21. Ra6 Bd8 22. Rfa1 g6 23. Qd1 Ne4 24. Bf3 f5 25. g4 Kg7 26. Bxe4 fxe4 27. f5 exf5 28. gxf5 Nxe5 29. dxe5 Bxf5 30. Qxd5 Be7 31. Ra7 Kf8 32. Rxe7 Kxe7 33. Ra7+ Bd7 34. e6 Kf8 35. Qxd7 1-0

[Event "Niedersachsen-ch op B"]
[Site "Verden"]
[Date "2018.01.06"]
[Round "5"]
[White "Rudi, Jonathan"]
[Black "Grabowski, Petra"]
[Result "1-0"]
[WhiteElo "1394"]
[BlackElo "1590"]
[PlyCount "51"]
[EventDate "2018.01.04"]
[EventType "swiss"]
[EventRounds "7"]
[EventCountry "GER"]
[SourceTitle "EXT 2022"]
[Source "ChessBase"]
[SourceDate "2021.10.06"]
[SourceVersion "1"]
[SourceVersionDate "2021.10.06"]
[SourceQuality "1"]

1. e4 c6 2. d4 d5 3. exd5 cxd5 4. Bd3 Nc6 5. Ne2 Nb4 6. Bf4 Nf6 7. c3 Nxd3+ 8. Qxd3 e6 9. Nd2 Be7 10. Nf3 Bd7 11. Ng3 Rc8 12. h3 0-0 13. Be5 Ne8 14. 0-0 Qb6 15. Qd2 Nd6 16. b3 Ne4 17. Nxe4 dxe4 18. Nh2 Qa5 19. Rfc1 b5 20. Nf1 Rfd8 21. Ng3 Bc6 22. Qe3 f5 23. Nh5 Bf8 24. Qg5 h6 25. Qg6 Be7 26. Qxg7# 1-0

[Event "GER-chT U10"]
[Site "Magdeburg"]
[Date "2014.12.29"]
[Round "7.2"]
[White "Wittig, Marten"]
[Black "Rudi, Jonathan"]
[Result "0-1"]
[WhiteElo "965"]
[BlackElo "1107"]
[PlyCount "50"]
[EventDate "2014.12.27"]
[EventType "team-swiss"]
[EventRounds "7"]
[EventCountry "GER"]
[SourceTitle "EXT 2016"]
[Source "ChessBase"]
[SourceDate "2015.10.08"]
[SourceVersion "1"]
[SourceVersionDate "2015.10.08"]
[SourceQuality "1"]
[WhiteTeam "Halle Roter Turm"]
[BlackTeam "Nordhorn Blanke"]
[WhiteTeamCountry "GER"]
[BlackTeamCountry "GER"]

1. e4 e5 2. Nf3 Nc6 3. Bb5 d6 4. Bxc6+ bxc6 5. Nc3 Nf6 6. 0-0 Bg4 7. d3 Be7 8. Bg5 0-0 9. Qe2 d5 10. exd5 cxd5 11. Rad1 c6 12. d4 e4 13. Rde1 Re8 14. Bh4 exf3 15. Qd3 Nh5 16. Bxe7 Rxe7 17. Rxe7 Qxe7 18. g3 Bh3 19. Rd1 Qg5 20. Qxf3 Bg4 21. Qg2 Bxd1 22. Nxd1 Qc1 23. Qf1 Re8 24. c3 Nf6 25. f3 Qd2 0-1

[Event "GER-chT U10"]
[Site "Magdeburg"]
[Date "2014.12.28"]
[Round "5.2"]
[White "Seibt, Bruno"]
[Black "Rudi, Jonathan"]
[Result "0-1"]
[WhiteElo "862"]
[BlackElo "1107"]
[PlyCount "86"]
[EventDate "2014.12.27"]
[EventType "team-swiss"]
[EventRounds "7"]
[EventCountry "GER"]
[SourceTitle "EXT 2016"]
[Source "ChessBase"]
[SourceDate "2015.10.08"]
[SourceVersion "1"]
[SourceVersionDate "2015.10.08"]
[SourceQuality "1"]
[WhiteTeam "Oberland"]
[BlackTeam "Nordhorn Blanke"]
[WhiteTeamCountry "GER"]
[BlackTeamCountry "GER"]

1. e4 e5 2. Nf3 Nc6 3. Bc4 Bc5 4. c3 d6 5. d4 Bb6 6. Be3 Bg4 7. Nbd2 Nf6 8. Qb3 Qe7 9. 0-0 h6 10. d5 Bxe3 11. fxe3 Na5 12. Qa4+ c6 13. Qxa5 0-0 14. Nh4 cxd5 15. exd5 a6 16. e4 Nd7 17. Qc7 Qxh4 18. Qxd6 Qg5 19. g3 Qxd2 20. Rab1 Qe3+ 21. Kh1 Bf3+ 22. Rxf3 Qxf3+ 23. Kg1 Qe3+ 24. Kh1 Qxe4+ 25. Kg1 Qxc4 26. Qxd7 Qb5 27. Qxb5 axb5 28. b3 Rxa2 29. c4 bxc4 30. bxc4 Ra7 31. c5 Rd8 32. d6 Kf8 33. Re1 f6 34. h4 Ra5 35. Rc1 Kf7 36. Kf2 Ke6 37. Rb1 Rxc5 38. Rxb7 g6 39. Rh7 g5 40. Rxh6 gxh4 41. Rxh4 Rxd6 42. g4 Rc4 43. Kf3 Rd3+ 0-1